| 000 | 00449nam a2200157 4500 | ||
|---|---|---|---|
| 001 | 112356 | ||
| 003 | ES-MaACL | ||
| 005 | 20230906185520.0 | ||
| 007 | t| | ||
| 008 | 061121s1966 sp r ||||1| cat d | ||
| 100 | 1 |
_aMuñoz Eapinalt, Carlos. _984405 |
|
| 245 | 1 | 3 |
_aUn mercat per al senyor Esteve, / _cCarles Muñoz Espinalt. |
| 260 |
_aBarcelona : _bMediterrania, _c1966. |
||
| 300 |
_a22 p. ; _c22 cm. |
||
| 852 |
_aES-MaACL _j2050-F-25 _bR.59839 |
||
| 999 |
_c112356 _d112356 |
||